Statistics for Hammarbys tabellplaceringar under 2000-talet

Click here to take the quiz!

General Stats

  • This quiz has been taken 33 times
    (7 since last reset)
  • The average score is 14 of 22

Answer Stats

ÅrSeriePlacering% Correct
2021Allsvenskan5
100%
2014Superettan1
100%
2019Allsvenskan3
100%
2018Allsvenskan4
100%
2009Allsvenskan16
100%
2020Allsvenskan8
100%
2012Superettan4
75%
2010Superettan8
75%
2013Superettan5
75%
2015Allsvenskan11
75%
2016Allsvenskan11
75%
2017Allsvenskan9
75%
2011Superettan11
50%
2008Allsvenskan9
50%
2007Allsvenskan6
50%
2001Allsvenskan1
50%
2006Allsvenskan3
25%
2005Allsvenskan4
25%
2004Allsvenskan6
25%
2003Allsvenskan2
25%
2002Allsvenskan9
25%
2000Allsvenskan8
0%

Score Distribution

Percentile by Number Answered

Percent of People with Each Score

Your Score History

You have not taken this quiz since the last reset